Run Through The Jungle Lyrics - Statistics

General Stats
  • This quiz has been taken 9 times
  • The average score is 18 of 24
Answer Stats
Hint Answer % Correct
Better run through ___ ______ the jungle
100%
Better run through ___ ______ the jungle
100%
Better run through ___ ______ the jungle
100%
Better run through ___ ______ the jungle
100%
Better run through ___ ______ the jungle
100%
Better run through ___ ______ the jungle
100%
Better run through ___ ______ the jungle
100%
Better run through ___ ______ the jungle
100%
Better run through ___ ______ the jungle
100%
Whoa, I thought it was a _______ nightmare
88%
Thought I _____ _ ______ heard a rumblin'
75%
Two hundred ______ ____ are loaded million guns
75%
The ____ on the loose" devils
63%
Whoa, ____ ___ back to see don't look
63%
Whoa, ____ ___ back to see don't look
63%
Whoa, ____ ___ back to see don't look
63%
Callin' to my ____ name
63%
They told me "Don't go walkin' ____ slow
63%
Over on the ______ mountain
50%
Fill the land with _____" smoke
50%
"Let the people know my _____ wisdom
50%
Satan cries, "____ ___" Take aim
38%
_______ magic spoke thunder
38%
___, it's all so true Lord
25%
No matching quizzes found
Score Distribution
Percent of People with Each Score
Percentile by Number Answered
Your Score History
You have not taken this quiz